000 00674nam a22002297a 4500
003 UA-OsUOA
001 136773
007 ta
008 20190408b un ||||| |||| 00| 0 ukr d
100 _aЖуравльов О. В.
700 _aСімачов О. А.
090 _a330(477)
_bЖ91
942 _cSA
040 _aUA-OsUOA
_bukr
_cUA-OsUOA
_dUA-OsUOA
245 _aСтатистичне дослідження ринку ІТ-послуг в Україні
300 _aС.25-34
955 _a0
041 _aukr
080 _a330(477)
773 0 _w136771
_tСтатистика України
_dК.
_d2018
_g4
650 7 _a330 Економіка взагалі
_2UDC
999 _c410364
_d410364